| 000 | 00467pab a2200169 454500 | ||
|---|---|---|---|
| 008 | 180718b2015 xxu||||| |||| 00| 0 eng d | ||
| 100 | _aHsiung, Ping-Chun | ||
| 245 | _aDoing (critical) qualitative research in China in a global era | ||
| 260 | _c2015 | ||
| 300 | _ap.86-102. | ||
| 362 | _aJan | ||
| 650 | _aResearch - China | ||
| 650 | _aQualitative analysis - China | ||
| 650 | _aQualitative analysis | ||
| 773 | _aInternational Sociology | ||
| 909 | _a107397 | ||
| 999 |
_c107392 _d107392 |
||